|
|
|
|
| LEADER |
01398nam a2200265 a 4500 |
| 001 |
16977 |
| 003 |
BD-DhAAL |
| 008 |
090528s2006 ii a b 100 0 eng d |
| 020 |
|
|
|a 8171324479
|
| 040 |
|
|
|a BD-DhAAL
|c BD-DhAAL
|
| 082 |
0 |
0 |
|a 571.5382
|2 21
|
| 245 |
0 |
0 |
|a Plant tissue culture and biotechnology /
|c editor Trivedi P.C.
|
| 260 |
|
|
|a India :
|b Pointer Publishers,
|c 2006.
|
| 300 |
|
|
|a xiv,374 p. :
|b ill. ;
|c 26 cm
|
| 504 |
|
|
|a Includes bibliographical references (pages 321-334) and index.
|
| 526 |
|
|
|a MNS
|x Professor Naiyyum Choudhury
Department of Mathematics and Natural Sciences
BRAC University
|
| 541 |
1 |
|
|e 00016977
|a Paragon Enterprises LTD.
|
| 650 |
|
0 |
|a Plant tissue culture
|v Congresses.
|9 57844
|
| 650 |
|
0 |
|a Plant biotechnology
|v Congresses.
|9 57845
|
| 700 |
1 |
|
|a P.C. ,Trivedi
|9 57846
|
| 852 |
4 |
|
|a Ayesha Abed Library
|c General Stacks
|
| 942 |
0 |
0 |
|0 1
|2 ddc
|c BK
|
| 999 |
|
|
|c 1123
|d 1123
|
| 952 |
|
|
|0 0
|1 4
|2 ddc
|4 0
|6 571_538200000000000_PLA
|7 0
|9 8218
|a BRACUL
|b BRACUL
|c GEN
|d 2010-02-16
|e Paragon Enterprises LTD
|g 2675.00
|l 0
|o 571.5382 PLA
|p 3010016977
|r 2010-02-16
|t 1
|w 2010-02-16
|y BK
|x Koha Inventory 2020 ; Requisitioned by Professor Naiyyum Choudhury.
|
| 952 |
|
|
|0 0
|1 0
|2 ddc
|4 0
|6 571_538200000000000_PLA_2006
|7 0
|9 8219
|a BRACUL
|b BRACUL
|c GEN
|d 2010-02-16
|e Paragon Enterprises LTD
|g 2675.00
|l 8
|m 14
|o 571.5382 PLA
|p 3010016978
|r 2019-10-09
|s 2018-01-22
|t 2
|w 2010-02-16
|y BK
|x Requisitioned by Professor Naiyyum Choudhury.
|